Administración: (Registro nro. 29335)
[ vista simple ]
| 000 -LÍDER | |
|---|---|
| fixed length control field | 00642nam a22002177a 4500 |
| 003 - IDENTIFICADOR DEL NÚMERO DE CONTROL | |
| control field | ITZ |
| 005 - FECHA Y HORA DE LA ULTIMA TRANSACCIÓN | |
| Campo de control | 20240408173526.0 |
| 008 - ELEMENTOS DE LONGITUD FIJA -- INFORMACIÓN GENERAL | |
| fixed length control field | 240408b |||||||| |||| 00| 0 spa d |
| 020 ## - NÚMERO INTERNACIONAL NORMALIZADO PARA LIBROS | |
| ISBN | 978-607-526-301-4 |
| 035 ## - Número de ficha (Janium) | |
| Número de ficha (Janium) | 17719 |
| 041 ## - CÓDIGO DE IDIOMA | |
| Código de idioma para texto/pista de sonido o título separado | SPA |
| 050 ## - SIGNATURA TOPOGRAFICA DE LA BIBLIOTECA DEL CONGRESO (LC) | |
| Número de Clasificación | HD31 |
| Cutter | H4418 2017 |
| 082 ## - NUMERO DE CLASIFICACION DECIMAL DEWEY | |
| Número de Clasificación | 658.42 |
| Cutter | H476a 2017 |
| 100 1# - ASIENTO PRINCIPAL--NOMBRE PERSONAL | |
| Nombre personal | Hellriegel, Don |
| 245 ## - TÍTULO | |
| Título | Administración: |
| Parte restante del título | un enfoque basado en competencias |
| Mención de responsabilidad, etc. | Don Hellriegel, Susan E. Jackson y John W. Slocum. |
| 250 ## - MENCIÓN DE EDICIÓN | |
| Mención de edición | 12 Ed. |
| 260 ## - PUBLICACIÓN, DISTRIBUCIÓN, ETC. (PIE DE IMPRENTA) | |
| Lugar de publicación, distribución, etc. | México: |
| Nombre del editor, distribuidor, etc. | Cengage Learning, |
| Fecha de publicación, distribución, etc. | 2017 |
| 300 ## - DESCRIPCIÓN FÍSICA | |
| Extensión | xxx, 627 p. |
| Otros detalles físicos | il. / |
| Dimensiones | 27 cm. |
| 650 ## - ASIENTO SECUNDARIO DE MATERIA - TERMINO TEMÁTICO | |
| Término temático o nombre geográfico como elemento de entrada | 1. EMPRENDEDORES \ 2. ADMINISTRACION |
| 942 ## - TIPO DE MATERIAL (KOHA) | |
| Koha item type | Libros |
| No. biblioteca | No. biblioteca | Número de clasificación | Código de barras/Número de adquisición | Número de copia | Tipo de material | Otras carreras |
|---|---|---|---|---|---|---|
| INGENIERÍA EN ADMINISTRACIÓN | LUIS G. INCLAN | 658.42 H476a 2017 | 54784 | 1 | Libros | LUIS G. INCLAN |
